00906nam a2200145 45000010006000000050017000060100018000231000041000412000026000822140012001083230019001203300592001396100012007317000017007431405720260326152814.0 a9782807104617 a20260326d u||y0frey50 ba aAzaline se taitbLIVR cLansman a15 personnages aDans la cour de l'école, il y a le loup, la princesse, les trois petits cochons... autant de références aux contes traditionnels qui pourraient faire croire à d'innocents jeux d'enfants. Mais les contes, souvent cruels et violents, recoupent parfois les bleus au cœur et les blessures de la vie. C'est le cas pour Azaline qui porte un lourd et douloureux secret : son père, tous les soirs, ouvre la porte de sa chambre. Et ce n'est pas pour lui raconter des histoires... Quelqu'un va-t-il enfin comprendre ce que cache le comportement d'Azaline quand elle est à l'école ?  aInceste aMartinbLise